|
|
|
|
| LEADER |
00000nam0a2200000 4500 |
| 001 |
233362 |
| 005 |
20231101231237.0 |
| 035 |
|
|
|a (RuTPU)RU\TPU\book\254439
|
| 090 |
|
|
|a 233362
|
| 100 |
|
|
|a 20130302d1982 km y0rusy50 ca
|
| 101 |
1 |
|
|a rus
|c eng
|
| 102 |
|
|
|a RU
|
| 105 |
|
|
|a a z 001zy
|
| 200 |
1 |
|
|a Расчет систем солнечного теплоснабжения
|e пер. с англ.
|f У. Бекман, С. Клейн, Дж. Даффи
|
| 210 |
|
|
|a Москва
|c Энергоатомиздат
|d 1982
|
| 215 |
|
|
|a 80 с.
|c ил.
|
| 320 |
|
|
|a Библиогр.: с. 77-78.
|
| 606 |
1 |
|
|a Солнечная энергия
|x Отопление
|2 stltpush
|3 (RuTPU)RU\TPU\subj\68268
|9 83696
|
| 610 |
1 |
|
|a солнечное теплоснабжение
|
| 610 |
1 |
|
|a системы
|
| 610 |
1 |
|
|a коллектор
|
| 610 |
1 |
|
|a ориентация
|
| 610 |
1 |
|
|a отопительная нагрузка
|
| 610 |
1 |
|
|a расчет
|
| 610 |
1 |
|
|a горячее водоснабжение
|
| 610 |
1 |
|
|a характеристики
|
| 675 |
|
|
|a 697.7
|v 3
|
| 700 |
|
1 |
|a Бекман
|b У.
|
| 701 |
|
1 |
|a Клейн
|b С.
|
| 701 |
|
1 |
|a Даффи
|b Дж.
|
| 801 |
|
1 |
|a RU
|b 63413507
|c 20130302
|
| 801 |
|
2 |
|a RU
|b 63413507
|c 20151229
|g RCR
|
| 942 |
|
|
|c BK
|